000 01557nam0a2200397 4500
001 RU\NLR\bibl\218437
005 20260406231726.0
010 _a5-94168-009-0
_9500
021 _aRU
_b2001-26072
_91235
035 _a(NLR Aleph) 000214522
090 _a1245839
_c1245839
100 _a20011221d2001 |||y0rusy50 ca
101 0 _arus
102 _aRU
105 _ay |||||||||
200 1 _aДокументы Московской Хельсинкской группы, 1976-1982
_eК 25-летию Моск. Хельсинк. группы
_fМоск. группа содействия выполнению Хельсинк. соглашений
210 _aМ.
_cЗацепа
_d2001
215 _a639 с.
_d24
320 _aИмен. указ.: с. 627-639
601 0 2 _aМосковская хельсинкская группа
_jДокументы и материалы
_92224251
_3RU\NLR\auth\661335372
610 0 _aДиссиденты в СССР
610 0 _aПравозащитное движение в СССР - История
610 0 _aМосква
610 0 _aСССР, правоправо
675 _a342.727(47+57)(091)
_v3
_zrus
686 _a10.15
_2rugasnti
686 _a67.400.7
_2rubbk
686 _aТ3(2)73-4,011
686 _aФ79(2)273.5,011
710 0 2 _aМосковская хельсинкская группа
_3RU\NLR\AUTH\889984333
_9464372
801 0 _aRU
_bRKP
_c20011221
_gPSBO
801 1 _aRU
_bRKP
_c20011221
801 2 _aRU
_bNLR
_c20020315
_grcr
942 _cBOOK
980 _aNB